Caravans to be redefined (Record no. 75742)
[ view plain ]
| 000 -LEADER | |
|---|---|
| fixed length control field | 01153cab a2200157 4500 |
| 001 - CONTROL NUMBER | |
| control field | L130629 |
| 008 - FIXED-LENGTH DATA ELEMENTS--GENERAL INFORMATION | |
| fixed length control field | 050819n2005 000 0 eng u |
| 035 ## - SYSTEM CONTROL NUMBER | |
| System control number | (Sirsi) u130629 |
| 041 ## - LANGUAGE CODE | |
| Language code of text/sound track or separate title | eng |
| 245 ## - TITLE STATEMENT | |
| Title | Caravans to be redefined |
| 260 ## - PUBLICATION, DISTRIBUTION, ETC. | |
| Date of publication, distribution, etc. | 2005 |
| 520 ## - SUMMARY, ETC. | |
| Summary, etc. | A consultation "Amending the definition of a caravan" has been launched to review the legal definition of caravans which has remained unaltered for some time. Stakeholders have raised concerns over the maximum dimensions of a caravan with reference to energy conservation and the reduction of greenhouse gas emissions. The definition is one of the key building blocks upon which the legislative framework is built that governs caravan activity. The legal definition of a caravan applies to all types of caravan: caravans used as permanent residential accommodation for Gypsy and Traveller sites and park home estates and caravan accommodation used for holiday purposes. Any proposed change will affect all these sectors Responses are required by 2 November 2005. |
| 590 ## - LOCAL NOTE (RLIN) | |
| Local note | IKA300805 |
| 690 ## - LOCAL SUBJECT ADDED ENTRY--TOPICAL TERM (OCLC, RLIN) | |
| Topical term or geographic name as entry element | PROPERTY-RESIDENTIAL PROPERTY-TEMPORARY AND MOBILE RESIDENTIAL PROPERTY |
| 942 ## - ADDED ENTRY ELEMENTS (KOHA) | |
| Suppress in OPAC | 0 |
| Withdrawn status | Lost status | Source of classification or shelving scheme | Damaged status | Not for loan | Home library | Current library | Shelving location | Date acquired | Total Checkouts | Full call number | Barcode | Date last seen | Copy number | Price effective from | Koha item type |
|---|---|---|---|---|---|---|---|---|---|---|---|---|---|---|---|
| Dewey Decimal Classification | Virtual | Virtual | Online | 19/08/2005 | ONLINE PUBLICATION | 130629-2001 | 06/08/2019 | 1 | 06/08/2019 | Book |